000
00468nam a2200181Ia 4500
008
151018s9999 xx 000 0 und d
082
_b
RBASDV26113
_a
891.463
100
_a
अनुराधा
245
_a
घातकी
250
_b
1
260
_b
चंद्रमौळी
_c
1995
300
_a
188
600
_a
अनुराधा
630
_a
घातकी
700
_a
अनुराधा
730
_a
घातकी
942
_c
BOOK
999
_c
1025721
_d
1025718